|
|
|
|
| LEADER |
01094cam a2200325Ia 4500 |
| 001 |
9780203442111 |
| 003 |
FlBoTFG |
| 005 |
20091230162919.0 |
| 006 |
a|||||s||||||||||| |
| 007 |
cr|||| |
| 008 |
840627s1984 nyua sb 001 0 eng d |
| 020 |
|
|
|a 9780203442111 (e-book : PDF)
|
| 040 |
|
|
|a FlBoTFG
|c FlBoTFG
|d GrThAP
|
| 043 |
|
|
|a e------
|
| 090 |
|
|
|a GN780.2.A1
|b C65 1984
|
| 092 |
|
|
|a 936
|b C713
|
| 100 |
1 |
|
|a Collis, John,
|d 1944 May 19-
|
| 245 |
1 |
4 |
|a The European Iron Age
|h [electronic resource] /
|c John Collis.
|
| 250 |
|
|
|a 1st American ed.
|
| 260 |
|
|
|a New York :
|b Schocken Books,
|c 1984.
|
| 300 |
|
|
|a 192 p. :
|b ill.
|
| 504 |
|
|
|a Includes bibliographical references (p. [181]-188) and index.
|
| 530 |
|
|
|a Also available in print edition.
|b CRC Press (http://www.crcpress.com)
|
| 538 |
|
|
|a Mode of access: World Wide Web.
|
| 650 |
|
0 |
|a Iron age
|z Europe.
|
| 651 |
|
0 |
|a Europe
|x Antiquities.
|
| 651 |
|
0 |
|a Europe
|x History
|y To 476.
|
| 655 |
|
7 |
|a Electronic books.
|2 lcsh
|
| 776 |
1 |
|
|z 9780415151399
|
| 856 |
4 |
0 |
|u http://www.tandfebooks.com/isbn/9780203442111
|z Full Text via HEAL-Link
|